000 00297 a2200157 4500
001 160321
020 _a
040 _cMagnum
100 _aSouza, Monica de
240 1 0 _aA lagartixa
_lpor
245 1 0 _aA lagartixa
362 0 _a1899
440 1 _aFTD
697 _aI/ANIMAIS
942 _cBK
999 _c160321
_d160321